Dilapidations and service charge disputes (Record no. 108852)

MARC details
000 -LEADER
fixed length control field 01875cam a22003015a 4500
001 - CONTROL NUMBER
control field L145672
008 - FIXED-LENGTH DATA ELEMENTS--GENERAL INFORMATION
fixed length control field 081029s2008 xxkdo f h 001 0 eng d
020 ## - INTERNATIONAL STANDARD BOOK NUMBER
International Standard Book Number 9780728205543
035 ## - SYSTEM CONTROL NUMBER
System control number (Sirsi) u145672
041 0# - LANGUAGE CODE
Language code of text/sound track or separate title eng
050 04 - LIBRARY OF CONGRESS CALL NUMBER
Classification number 346.410434 $2 18
100 1# - MAIN ENTRY--PERSONAL NAME
Personal name Edwards, Simon
245 00 - TITLE STATEMENT
Title Dilapidations and service charge disputes
Remainder of title a practical guide
260 ## - PUBLICATION, DISTRIBUTION, ETC.
Place of publication, distribution, etc. [s.l.]
Name of publisher, distributor, etc. Estates Gazette
Date of publication, distribution, etc. 2008
300 ## - PHYSICAL DESCRIPTION
Extent xxviii, 315p.
Other physical details ill.
Dimensions 22cm.
350 ## - PRICE (NR) (BK AM CF MU VM SE) [OBSOLETE]
Price 36.99
505 2# - FORMATTED CONTENTS NOTE
Formatted contents note What are dilapidations and service charge disputes? -- Dilapidations, Statute and Common law -- Dilapidations and litigation -- The role of professional advisers -- What is the leasehold interest? -- Dilapidations remedies -- Surveyor due diligence -- The dilapidations survey -- Preparation of the schedule -- Collating the claim -- Serving the schedule -- The tenant's counter schedule -- Negotiation and settlement -- Common disputes, legal issues -- Common disputes, technical issues -- An introduction to service charges -- Commercial service charges -- Procuring and apportioning service charges -- Service charge disputes -- Avoiding dilapidations and service charge disputes
520 ## - SUMMARY, ETC.
Summary, etc. Offers practical guidance on dilapidations and service charge disputes, with advice pitched between that offered in guidance note and more complex case law texts. Provides step by step guidance for managing these disputes that would be useful to surveyors, lawyers and other practitioners, as well as students and tenants involved in a dispute.
521 ## - TARGET AUDIENCE NOTE
Target audience note Advanced
590 ## - LOCAL NOTE (RLIN)
Local note KA
651 #4 - SUBJECT ADDED ENTRY--GEOGRAPHIC NAME
Geographic name United Kingdom
Chronological subdivision
690 ## - LOCAL SUBJECT ADDED ENTRY--TOPICAL TERM (OCLC, RLIN)
Topical term or geographic name as entry element Landlord and tenant
9 (RLIN) 6252
690 ## - LOCAL SUBJECT ADDED ENTRY--TOPICAL TERM (OCLC, RLIN)
Topical term or geographic name as entry element MANAGEMENT-DISPUTE AVOIDANCE, MANAGEMENT AND RESOLUTION-DISPUTE MANAGEMENT AND RESOLUTION-ALTERNATIVE DISPUTE RESOLUTION
700 1# - ADDED ENTRY--PERSONAL NAME
Personal name Stell, Patrick
700 1# - ADDED ENTRY--PERSONAL NAME
Personal name Firn, Keith
942 ## - ADDED ENTRY ELEMENTS (KOHA)
Suppress in OPAC 0
Holdings
Withdrawn status Lost status Source of classification or shelving scheme Damaged status Not for loan Home library Current library Shelving location Date acquired Cost, normal purchase price Total Checkouts Full call number Barcode Date last seen Date last checked out Copy number Cost, replacement price Price effective from Koha item type
    Dewey Decimal Classification     London London Books 12/11/2008 36.99 9 346.410434 EDW 30076244 06/08/2019 23/04/2010 2 36.99 06/08/2019 Book